01703nam0a2200277 4500001002400000005001700024010002200041035002600063100004100089101000800130102000700138105001800145181001500163182000600178200040900184203007500593210006900668215003400737320004800771606016700819606019300986686002301179700005901202701006701261701009701328RU\NLR\BIBL_A\02257395620260405150326.0 a978-5-9912-1112-3 a(NLR Aleph) 022573956 a20250626d2024 u y0rusy50 ca0 arus aRU aa j 000yy 0ai baxxe  0an1 aСимвольные математические вычисления средствами SymPy Pythoneучебное пособие для студентов вузов, обучающихся по направлению подготовки: 09.03.03 "Прикладная информатика" (бакалавриат)fН. В. Шакин, А. В. Загвоздкина, А. Г. Мацкевич aТекстbвизуальныйcнепосредственный aМоскваcГорячая линия – Телекомd2024 a319 с.cил., табл.d21 aБиблиогр.: 314–315 (16 назв.)1 aPYTHON SYMPY, библиотека программjУчебные издания для высших учебных заведений3RU\NLR\AUTH\66017464511 aМатематикаjУчебные издания для высших учебных заведенийxЗадачиxРешение на компьютерах3RU\NLR\AUTH\6612645901 aВ192.1с116я73-1 1aШакинbВ. Н.gВиктор Николаевич 1aЗагвоздкинаbА. В.gАнна Викторовна 18rus7caaМацкевичbА. Г.gАндрей Георгиевич3RU\NLR\AUTH\7761644